01204nam a2200325 a 4500001001100000003000800011006001900019007001500038008004100053010001700094015001500111020001500126020002200141040002100163035002000184050002400204082001400228100002500242245010500267260002800372300001500400504004900415533015200464650005200616650002000668655002900688710001700717856012500734999001900859ebr2001164CaPaEBRm u cr cn|||||||||010202s2000 enk sb 001 0 eng  z 2001274447 aGBA0-W3811 z0745316808 z0745316794 (pbk.) aCaPaEBRcCaPaEBR a(OCoLC)5100818314aUA10.5b.R63 2000eb04a327.12211 aRogers, Paul,d1943-10aLosing controlh[electronic resource] :bglobal security in the twenty-first century /cPaul Rogers. aLondon :bPluto,c2000. axi, 164 p. aIncludes bibliographic references and index. aElectronic reproduction.bPalo Alto, Calif. :cebrary,d2013.nAvailable via World Wide Web.nAccess may be limited to ebrary affiliated libraries. 0aSecurity, InternationalxHistoryy20th century. 0aPost-communism. 7aElectronic books.2local2 aebrary, Inc.40uhttp://site.ebrary.com/lib/rucke/Doc?id=2001164zAn electronic book accessible through the World Wide Web; click to view c230047d230047